000
00176nam a2200085Ia 4500
008
240331s9999 xx 000 0 und d
100
_a
Ammal,Y
245
0
_a
Bharathi ,N
942
_c
L
999
_c
4264
_d
4264